PENERAPAN nilai-nilai murni dalam pentadbiran awam

Bibliographic Details
Other Authors: Ismail Ibrahim, Wan Roslili Abd. Majid
Format: Book
Published: Kuala Lumpur : Institut Kefahaman Islam Malaysia (IKIM) , 1995
Subjects:

MARC

LEADER 00000cam a2200000 7i4500
001 0000001811
005 20020104.0
020 0 0 |a 9839099183 
090 0 0 |a 354.595   |b PEN 1995 
245 0 0 |a PENERAPAN nilai-nilai murni dalam pentadbiran awam   |c penyunting Ismail Ibrahim, Wan Roslili Majid 
260 0 0 |a Kuala Lumpur :   |b Institut Kefahaman Islam Malaysia (IKIM) ,   |c 1995 
300 |a xvi, 135 p. ;   |c 22 cm. 
650 0 0 |a Civil service ethics   |z Malaysia 
650 0 0 |a Civil service   |z Malaysia 
650 0 0 |a Public administration   |z Malaysia 
700 0 1 |a Ismail Ibrahim 
700 0 1 |a Wan Roslili Abd. Majid 
998 |a JPSM 
999 |a 0000002868   |b Monograph   |c Open Shelf   |e Default branch